| 000 | 00375nam a2200145Ia 4500 | ||
|---|---|---|---|
| 008 | 230917s9999||||xx |||||||||||||| ||und|| | ||
| 040 |
_e178889 _aMAIN |
||
| 041 | _aEnglish | ||
| 082 | _a005.74 A41D | ||
| 100 | _aAli, A B M Shawkat | ||
| 245 | 0 | _aData mining : Methods and techniques | |
| 260 |
_aNew Delhi _bCengage Learning _c2009 |
||
| 300 | _axi, 299 p. | ||
| 942 | _cBK | ||
| 999 |
_c157228 _d157228 |
||